000
00173nam a22000977a 4500
100
_a
Wilson
245
_a
A First French
260
_c
1984
300
_a
509p. ;
942
_c
BK
999
_c
57316
_d
57313